zpět

Detail výsledku týmu

Dřevák, Chomutov

Datum a čas kvízu

37 Celkem bodů Celkový počet nahraných bodů na tomto kvízu bez doplňovacích otázek.
8. Pořadí na kvízu Konečné umístění týmu na tomto kvízu.

Zaznamenané odpovědi

# Otázka Odpověď Body Výsledky
1. Ve středu přidala vláda na čes... Voice of Europe (Hlas Evropy) 0
2. Který český ministr absolvoval... Marek Výborný 0
3. Pondělní vyřizování účtů mezi... Aleš Bejr 1
4. V pondělí oznámila síň Heritag... D) rám dveří, na němž se Rose zachránila 1
5. Kteří dva olympijští vítězové... Pavel Patera, David Moravec 1
6. Věříme, že ovládáte velkou pal... Drahá vlasti 1
7. Kalaallit Nunaat, tak zní v mí... Dánsko 1
8. Vyberte zemi, jejíž zkratka ná... C 1
9. Švýcarsko má čtyři úřední jazy... 1D 2C 3B 4A 1
10. Caerdydd je alternativní název... Cardiff 1